| 000 | 00832nam a22002295a 4500 | ||
|---|---|---|---|
| 003 | OSt | ||
| 005 | 20170130141804.0 | ||
| 008 | 160922s2014 ua frb 000 0 ara d | ||
| 015 | _22014 / 19953 | ||
| 020 | _a9789770476390 | ||
| 040 |
_aEG-ScBUE _bara _cEG-ScBUE _dEG-ScBUE |
||
| 082 | 0 | 4 |
_a341.442 _bع ل ا _222 |
| 100 | 1 | _aعلام، وائل أحمد. | |
| 245 | 1 | 0 |
_aحوض نهر النيل في إطار القانون الدولي / _cوائل أحمد علام. |
| 260 |
_aالقاهرة : _bدار النهضة العربية، _c2014. |
||
| 300 |
_a400 ص. ؛ _c24 سم. |
||
| 504 | _aيشتمل على إرجاعات ببليوجرافية. | ||
| 650 | 7 |
_aالأنهار (قانون دولي) _2BUEsh |
|
| 651 | 7 |
_aنهر النيل _xوضع دولي. _2BUEsh _915336 |
|
| 653 |
_bLLAAWW _cJanuary2017 |
||
| 942 | _2ddc | ||
| 999 |
_c24023 _d23995 |
||